الموسوعة الشاملة في التعليق على قانون المرافعات : (رقم التسجيلة. 146388)

تفاصيل مارك
000 -LEADER
fixed length control field 00621nam a22001817a 4500
005 - DATE AND TIME OF LATEST TRANSACTION
control field 20251108175944.0
008 - FIXED-LENGTH DATA ELEMENTS--GENERAL INFORMATION
fixed length control field 250721s2024 xx 000 0 ara d
082 14 - DEWEY DECIMAL CLASSIFICATION NUMBER
Classification number م/347.05/ملي
100 1# - MAIN ENTRY--PERSONAL NAME
Personal name مليجي، أحمد
245 10 - TITLE STATEMENT
Title الموسوعة الشاملة في التعليق على قانون المرافعات :
Remainder of title وفقا لاحدث تعديل بالقانون رقم 76 لسنة 2007م بآراء الفقه وأحكام النقض /
250 ## - EDITION STATEMENT
Edition statement ط.19
264 ## - PRODUCTION, PUBLICATION, DISTRIBUTION, MANUFACTURE, AND COPYRIGHT NOTICE
Date of production, publication, distribution, manufacture, or copyright notice 2024.
300 ## - PHYSICAL DESCRIPTION
Extent 8ج.
650 17 - SUBJECT ADDED ENTRY--TOPICAL TERM
Topical term or geographic name as entry element القانون
650 17 - SUBJECT ADDED ENTRY--TOPICAL TERM
Topical term or geographic name as entry element المرافعات
942 ## - ADDED ENTRY ELEMENTS (KOHA)
Source of classification or shelving scheme Dewey Decimal Classification
Koha item type مراجع
المقتنيات
حالة السحب حالة الفقدان مصدر التصنيف حالة التلف غير قابل للإعارة المكتبة الرئيسية المكتبة الحالية موقع الرف تاريخ التزويد الرقم المتسلسل Total Checkouts رقم الإستدعاء الباركود تاريخ آخر ظهور تاريخ الفاتورة نوع المادة (كوها)
    Dewey Decimal Classification   Not For Loan المكتبة المركزية المكتبة المركزية مراجع 28/07/2025 1786096   م/347.05/ملي PLD00509560 28/07/2025 28/07/2025 مراجع
    Dewey Decimal Classification   Not For Loan المكتبة المركزية المكتبة المركزية مراجع 13/05/2024 1786097   م/347.05/ملي PLD00509755 28/07/2025 13/05/2024 مراجع
    Dewey Decimal Classification   Not For Loan المكتبة المركزية المكتبة المركزية مراجع 13/05/2024 1786098   م/347.05/ملي PLD00509756 28/07/2025 13/05/2024 مراجع
    Dewey Decimal Classification   Not For Loan المكتبة المركزية المكتبة المركزية مراجع 13/05/2024 1786099   م/347.05/ملي PLD00509757 28/07/2025 13/05/2024 مراجع
    Dewey Decimal Classification   Not For Loan المكتبة المركزية المكتبة المركزية مراجع 13/05/2024 1786100   م/347.05/ملي PLD00509758 28/07/2025 13/05/2024 مراجع
    Dewey Decimal Classification   Not For Loan المكتبة المركزية المكتبة المركزية مراجع 13/05/2024 1786101   م/347.05/ملي PLD00509759 28/07/2025 13/05/2024 مراجع
    Dewey Decimal Classification   Not For Loan المكتبة المركزية المكتبة المركزية مراجع 13/05/2024 1786102   م/347.05/ملي PLD00509760 28/07/2025 13/05/2024 مراجع
    Dewey Decimal Classification   Not For Loan المكتبة المركزية المكتبة المركزية مراجع 13/05/2024 1786103   م/347.05/ملي PLD00509761 28/07/2025 13/05/2024 مراجع
Implemented & Customized by: BBB with SCIT (Smart Chains for Information Technology)

Powered by Koha